[Event "SV Mülheim Nord 1931 - SV 1920 Hofheim"]
[Site "?"]
[Date "2019.03.23"]
[Round "12.6"]
[White "Hausrath, Daniel"]
[Black "Margolin, Boris"]
[Result "0-1"]
[WhiteElo "2470"]
[BlackElo "2395"]
[PlyCount "112"]
[EventDate "2019.??.??"]

1. Nf3 d5 2. g3 Nc6 3. d4 Bg4 4. Bg2 Qd7 5. h3 Bxf3 6. Bxf3 O-O-O 7. Bg2 Kb8 8.
Nc3 e6 9. a3 f5 10. b3 Nf6 11. Bb2 Be7 12. e3 g5 13. Ne2 h5 14. Qd3 h4 15. gxh4
Rxh4 16. O-O-O Ne4 17. Rdf1 a6 18. Kb1 Rdh8 19. f3 Nd6 20. Nc3 Rd8 21. Rd1 Qe8
22. Rhe1 Qf8 23. Ka2 Na7 24. e4 Ndb5 25. Nxb5 Nxb5 26. a4 Na7 27. exd5 exd5 28.
Re6 Nc6 29. Qe2 Bd6 30. c3 Rh8 31. Qc2 Re8 32. Rde1 Rxe6 33. Rxe6 Qf7 34. Re2
f4 35. Bf1 Ne7 36. Re1 Nf5 37. Qg2 Ne3 38. Qxg5 Be7 39. Qg1 Bh4 40. Rc1 Rg8 41.
Qh2 Qf5 42. Qd2 Rg3 43. Bd3 Qxh3 44. c4 Rxf3 45. Qb4 Qd7 46. c5 Qc6 47. Rh1 Ng2
48. Bf5 Rf2 49. Qc3 Ka7 50. Ka3 Qf6 51. Bd3 Rf3 52. Qd2 Ne1 53. Be2 Re3 54. Bg4
Nd3 55. Ba1 Be1 56. Qh2 Nxc5 0-1

[Event "SV Mülheim Nord 1931 - SV 1920 Hofheim"]
[Site "?"]
[Date "2019.03.23"]
[Round "12.7"]
[White "Zude, Arno"]
[Black "Zelbel, Patrick"]
[Result "1/2-1/2"]
[WhiteElo "2382"]
[BlackElo "2439"]
[PlyCount "84"]
[EventDate "2019.??.??"]

1. e4 e5 2. Nf3 Nc6 3. Bc4 Nf6 4. d3 Bc5 5. O-O O-O 6. h3 d5 7. exd5 Nxd5 8.
Re1 Be6 9. Ng5 Bb6 10. Nxe6 fxe6 11. Be3 Nxe3 12. fxe3 Qf6 13. Qe2 Ne7 14. Nd2
Nf5 15. Nf1 Kh8 16. c3 Rae8 17. Rad1 Qh6 18. d4 exd4 19. exd4 e5 20. Kh1 e4 21.
Bd5 e3 22. Bxb7 c6 23. Qg4 Bc7 24. Kg1 Qd6 25. Ba6 e2 26. Rxe2 Ne3 27. Rxe3
Rxe3 28. Be2 Re6 29. Bf3 Rf4 30. Qh5 Qf8 31. Nd2 Rf5 32. Qg4 Bf4 33. Nc4 Rg6
34. Qh4 Rh6 35. Qf2 Rg5 36. Kf1 Bg3 37. Qe2 Rf5 38. Rd3 Qb8 39. Re3 Rf8 40. Re4
Rhf6 41. Ne5 Bxe5 42. Rxe5 Rf5 1/2-1/2

[Event "SV Mülheim Nord 1931 - SV 1920 Hofheim"]
[Site "?"]
[Date "2019.03.23"]
[Round "12.8"]
[White "Buckels, Valentin"]
[Black "Bluhm, Sonja Maria"]
[Result "1-0"]
[WhiteElo "2458"]
[BlackElo "2222"]
[PlyCount "81"]
[EventDate "2019.??.??"]

1. d4 Nf6 2. c4 g6 3. Nf3 Bg7 4. g3 O-O 5. Bg2 d6 6. O-O Nc6 7. Nc3 a6 8. b3
Rb8 9. d5 Na5 10. Bg5 c5 11. dxc6 Nxc6 12. Rc1 Bf5 13. Nd5 Ne4 14. Be3 e6 15.
Bb6 Qd7 16. Ne3 Nc3 17. Qd2 Ne4 18. Qe1 Nf6 19. Nxf5 gxf5 20. b4 Rfc8 21. a3
Ne7 22. Qd1 Rc6 23. Bd4 Rc7 24. Qb3 b5 25. Rfd1 bxc4 26. Rxc4 Ned5 27. Rdc1
Rbc8 28. Nd2 e5 29. Bb2 Nb6 30. R4c2 Ne8 31. Bh3 d5 32. Rxc7 Rxc7 33. Rxc7 Nxc7
34. Qc2 e4 35. Bxg7 Kxg7 36. Qc5 Nca8 37. Nb3 Qa4 38. Nd4 Qxa3 39. Nxf5+ Kg8
40. Qe7 Qc1+ 41. Kg2 1-0

[Event "BL 1819 OSG Baden-Baden - Hamburger SK"]
[Site "?"]
[Date "2019.03.23"]
[Round "12.6"]
[White "Bacrot, Etienne"]
[Black "Engel, Luis"]
[Result "1/2-1/2"]
[WhiteElo "2681"]
[BlackElo "2480"]
[PlyCount "84"]
[EventDate "2019.??.??"]

1. e4 c5 2. Nf3 d6 3. Bb5+ Nd7 4. O-O a6 5. Bd3 Ngf6 6. c3 b5 7. Bc2 Bb7 8. Qe2
e6 9. d4 Be7 10. Nbd2 Qc7 11. Bd3 O-O 12. b3 b4 13. c4 cxd4 14. Nxd4 d5 15. Bb2
dxe4 16. Nxe4 Qf4 17. g3 Qh6 18. Rad1 Nc5 19. Nxf6+ Bxf6 20. Bc2 Rad8 21. f3
Rd7 22. Bc1 Qh5 23. g4 Qh3 24. Be3 Rfd8 25. Nc6 Bxc6 26. Bxc5 Rxd1 27. Bxd1
Bd4+ 28. Bxd4 Rxd4 29. Qf2 e5 30. Be2 Qh6 31. Rd1 Rxd1+ 32. Bxd1 Qc1 33. Qe2 f6
34. Qd3 Kf7 35. Qd6 e4 36. Kf2 Qb2+ 37. Kg3 Qe5+ 38. Qxe5 fxe5 39. Kf2 exf3 40.
Bxf3 e4 41. Bd1 Ke6 42. Ke3 Ke5 1/2-1/2

[Event "BL 1819 OSG Baden-Baden - Hamburger SK"]
[Site "?"]
[Date "2019.03.23"]
[Round "12.7"]
[White "Sebastian, Dirk"]
[Black "Gustafsson, Jan"]
[Result "1/2-1/2"]
[WhiteElo "2447"]
[BlackElo "2639"]
[PlyCount "40"]
[EventDate "2019.??.??"]

1. e4 e5 2. Nf3 Nc6 3. Bc4 Bc5 4. c3 Nf6 5. d4 exd4 6. e5 d5 7. Bb5 Ne4 8. cxd4
Bb6 9. Nc3 O-O 10. Be3 Bg4 11. h3 Bh5 12. Qc2 Ba5 13. O-O Bxf3 14. gxf3 Nxc3
15. bxc3 f6 16. f4 fxe5 17. fxe5 Qh4 18. Bxc6 bxc6 19. Kg2 g5 20. f3 Rae8
1/2-1/2

[Event "BL 1819 OSG Baden-Baden - Hamburger SK"]
[Site "?"]
[Date "2019.03.23"]
[Round "12.8"]
[White "Shirov, Alexei"]
[Black "Carlstedt, Jonathan"]
[Result "1-0"]
[WhiteElo "2667"]
[BlackElo "2422"]
[PlyCount "51"]
[EventDate "2019.??.??"]

1. e4 e5 2. Nf3 Nc6 3. Bb5 a6 4. Ba4 d6 5. O-O Bg4 6. h3 Bh5 7. c4 Nf6 8. g4
Bg6 9. d4 Nd7 10. Nc3 Be7 11. Bxc6 bxc6 12. Qa4 O-O 13. dxe5 c5 14. Rd1 Qe8 15.
Qc6 Ra7 16. Bf4 Nxe5 17. Nxe5 dxe5 18. Qxe8 Rxe8 19. Bxe5 Rb7 20. b3 h5 21. f3
hxg4 22. hxg4 Bg5 23. Bg3 Bf6 24. Rac1 c6 25. Na4 Bg5 26. f4 1-0

[Event "BL 1819 SF Deizisau - SG Turm Kiel"]
[Site "?"]
[Date "2019.03.23"]
[Round "12.3"]
[White "Jakubiec, Artur"]
[Black "Meier, Georg"]
[Result "0-1"]
[WhiteElo "2478"]
[BlackElo "2621"]
[PlyCount "88"]
[EventDate "2019.??.??"]

1. e4 e6 2. d3 d5 3. Nd2 Nf6 4. Ngf3 c5 5. g3 Nc6 6. Bg2 Be7 7. O-O O-O 8. Re1
b5 9. e5 Nd7 10. Nf1 Bb7 11. h4 Qc7 12. Bf4 Rfc8 13. N1h2 Qd8 14. h5 h6 15. c3
a5 16. Qd2 Nf8 17. a4 Ba6 18. Ng4 Nh7 19. axb5 Bxb5 20. Kh2 Bf8 21. Qc2 a4 22.
Qe2 Na5 23. Nd2 c4 24. d4 Rcb8 25. Ra2 a3 26. bxa3 Nc6 27. Nf3 Ba4 28. Qd2 Rb3
29. Bh3 Na7 30. Ne3 Nb5 31. Rc1 Qa5 32. Nd1 Rxa3 33. Rxa3 Bxa3 34. Nb2 Bb3 35.
g4 Qd8 36. Ra1 Be7 37. Rxa8 Qxa8 38. g5 hxg5 39. Bxg5 Bxg5 40. Nxg5 Nxg5 41.
Qxg5 Nxc3 42. f4 Ne2 43. f5 Nxd4 44. h6 Nf3+ 0-1

[Event "BL 1819 SF Deizisau - SG Turm Kiel"]
[Site "?"]
[Date "2019.03.23"]
[Round "12.4"]
[White "Nielsen, Peter Heine"]
[Black "Hector, Jonny"]
[Result "1/2-1/2"]
[WhiteElo "2635"]
[BlackElo "2468"]
[PlyCount "83"]
[EventDate "2019.??.??"]

1. d4 d5 2. c4 c6 3. Nf3 Nf6 4. Nc3 dxc4 5. a4 Bf5 6. Ne5 Nbd7 7. Nxc4 Qc7 8.
g3 e5 9. dxe5 Nxe5 10. Bf4 Nfd7 11. Bg2 f6 12. a5 Nc5 13. O-O Rd8 14. Qc1 Be7
15. Bxe5 fxe5 16. Qe3 O-O 17. Nxe5 Bd6 18. Nc4 Rde8 19. Qc1 Be7 20. Nd2 Bg5 21.
f4 Bf6 22. e4 Bxc3 23. Qxc3 Nxe4 24. Qc4+ Qf7 25. Qxf7+ Rxf7 26. Nc4 Rc7 27. a6
bxa6 28. Rxa6 Bc8 29. Ra5 Nf6 30. Ne5 Ng4 31. Rc1 Nxe5 32. fxe5 Bd7 33. Rca1 a6
34. Bf1 Be6 35. Rxa6 Bd5 36. Re1 Rce7 37. Bg2 Bxg2 38. Kxg2 Rxe5 39. Rxe5 Rxe5
40. Rxc6 Re2+ 41. Kf3 Rxb2 42. h4 1/2-1/2

[Event "BL 1819 SF Deizisau - SG Turm Kiel"]
[Site "?"]
[Date "2019.03.23"]
[Round "12.5"]
[White "Pakleza, Zbigniew"]
[Black "Krasenkow, Michal"]
[Result "0-1"]
[WhiteElo "2503"]
[BlackElo "2616"]
[PlyCount "74"]
[EventDate "2019.??.??"]

1. d4 d5 2. c4 e6 3. Nc3 c6 4. e3 Bd6 5. Nf3 f5 6. Bd3 Nf6 7. O-O Ne4 8. Ne2
Nd7 9. b3 O-O 10. Bb2 Qe7 11. Ne5 Nxe5 12. dxe5 Bc7 13. Nf4 Ng5 14. Nh5 Bd7 15.
f4 Ne4 16. Bxe4 dxe4 17. Qe2 Rfd8 18. Rad1 Be8 19. Ng3 g5 20. Qf2 gxf4 21. Qxf4
Qg7 22. h4 c5 23. Ba1 Rxd1 24. Rxd1 Rd8 25. Rxd8 Bxd8 26. Kh2 Qd7 27. Qh6 Bf7
28. Nh5 Bxh5 29. Qxh5 Qf7 30. Qh6 Qg6 31. Qf4 Ba5 32. Bb2 Be1 33. Kh3 h5 34. g3
Qg4+ 35. Kg2 Kf7 36. Ba3 Qe2+ 37. Kh3 Bf2 0-1

[Event "BL 1819 SF Deizisau - SG Turm Kiel"]
[Site "?"]
[Date "2019.03.23"]
[Round "12.6"]
[White "Heimann, Andreas"]
[Black "Hoi, Carsten"]
[Result "1-0"]
[WhiteElo "2609"]
[BlackElo "2359"]
[PlyCount "61"]
[EventDate "2019.??.??"]

1. d4 Nf6 2. c4 g6 3. Nc3 Bg7 4. e4 d6 5. Be2 O-O 6. Be3 e5 7. d5 Nbd7 8. g4
Nc5 9. f3 a5 10. h4 h5 11. g5 Nh7 12. Nh3 f6 13. gxf6 Bxf6 14. Kd2 Bxh3 15.
Rxh3 Bxh4 16. Qh1 g5 17. Rg1 Kh8 18. Kc2 Qe7 19. f4 Rxf4 20. Bxf4 exf4 21. Bxh5
Nd7 22. Bg6 Ne5 23. Bf5 Rg8 24. Ne2 f3 25. Nd4 f2 26. Rf1 Nxc4 27. Bxh7 Qf6 28.
Bxg8 Qxd4 29. Rxh4+ gxh4 30. Qxh4+ Kxg8 31. Qg3+ 1-0

[Event "BL 1819 SF Deizisau - SG Turm Kiel"]
[Site "?"]
[Date "2019.03.23"]
[Round "12.7"]
[White "Bromann, Thorbjorn"]
[Black "Kollars, Dmitrij"]
[Result "0-1"]
[WhiteElo "2395"]
[BlackElo "2564"]
[PlyCount "110"]
[EventDate "2019.??.??"]

1. c4 Nf6 2. g3 g6 3. Bg2 Bg7 4. Nc3 O-O 5. e4 d6 6. Nge2 c5 7. O-O Nc6 8. d3
Ne8 9. Be3 Nc7 10. Qd2 Ne6 11. Bh6 Ned4 12. Bxg7 Kxg7 13. f4 Bd7 14. Nxd4 Nxd4
15. Ne2 Nxe2+ 16. Qxe2 e5 17. Qd2 f6 18. a4 a5 19. b3 Qe7 20. Rae1 b6 21. Qc3
Rae8 22. Rf2 Kh8 23. Ref1 Qg7 24. Qa1 Bc8 25. Qc3 Re7 26. Qa1 Ref7 27. Qc3 exf4
28. Rxf4 f5 29. Qxg7+ Kxg7 30. Rd1 g5 31. Rff1 fxe4 32. Rxf7+ Rxf7 33. dxe4 Rf6
34. Rd5 h6 35. e5 dxe5 36. Rxe5 Re6 37. Re4 Kf6 38. Kf2 Re5 39. Re3 Bf5 40. Rc3
Re7 41. Bd5 g4 42. Rc1 h5 43. Rc3 Kg5 44. Rc1 h4 45. Rc3 Re8 46. Rc1 Rf8 47.
Ke2 Rh8 48. Bg2 Re8+ 49. Kf2 Bd3 50. Bf1 hxg3+ 51. hxg3 Rf8+ 52. Kg1 Rf3 53.
Kg2 Be4 54. Kh2 Rxb3 55. Re1 Bc6 0-1

[Event "BL 1819 SF Deizisau - SG Turm Kiel"]
[Site "?"]
[Date "2019.03.23"]
[Round "12.8"]
[White "Graf, Alexander"]
[Black "Junge, Ralph"]
[Result "1-0"]
[WhiteElo "2572"]
[BlackElo "2259"]
[PlyCount "71"]
[EventDate "2019.??.??"]

1. Nf3 g6 2. e4 Nf6 3. e5 Nd5 4. c4 Nb6 5. c5 Nd5 6. Bc4 c6 7. d4 Bg7 8. Bxd5
cxd5 9. Nc3 b6 10. cxb6 Qxb6 11. O-O Bb7 12. Na4 Qd8 13. b4 Ba6 14. Re1 O-O 15.
Nc5 Bc4 16. a4 d6 17. Nb3 Nc6 18. b5 Nb4 19. Bg5 Qd7 20. Qd2 Nd3 21. Re3 f6 22.
e6 Qe8 23. Bh4 Bh6 24. Na5 Bxe3 25. Qxe3 g5 26. Bg3 Qg6 27. Nc6 Rfe8 28. h4 h6
29. Ne1 Nxe1 30. Rxe1 Kh7 31. Qd2 Qd3 32. Qa5 a6 33. Qc7 Rac8 34. Qd7 axb5 35.
Nxe7 Ra8 36. Nc8+ 1-0

[Event "BL 1819 USV TU Dresden - SV Hockenheim"]
[Site "?"]
[Date "2019.03.10"]
[Round "13.1"]
[White "Karpov, Anatoly"]
[Black "Almasi, Zoltan"]
[Result "0-1"]
[WhiteElo "2622"]
[BlackElo "2680"]
[PlyCount "98"]
[EventDate "2019.??.??"]

1. d4 Nf6 2. c4 g6 3. g3 Bg7 4. Bg2 O-O 5. Nc3 d6 6. Nf3 c6 7. O-O Bf5 8. Ne1
Qc8 9. e4 Bh3 10. f3 Bxg2 11. Kxg2 Nbd7 12. Be3 b5 13. cxb5 cxb5 14. Rc1 Qb7
15. Rf2 Nb6 16. b3 b4 17. Nb1 Nfd7 18. Rfc2 f5 19. Qd3 fxe4 20. fxe4 d5 21. Rc7
dxe4 22. Rxb7 exd3 23. Nxd3 Nd5 24. Bf2 N7f6 25. h3 Ne4 26. Bg1 a5 27. Nc5 Rfc8
28. Rd7 Nef6 29. Rb7 Ne4 30. Rd7 Nd6 31. Nd2 Bf8 32. Nc4 Nf6 33. Nb6 Nxd7 34.
Nbxd7 Ra7 35. Nxf8 Rxf8 36. g4 Rc8 37. Be3 Nb5 38. Rc4 Nd6 39. Rc1 Nb5 40. Rc4
Rac7 41. Kf3 Rf8+ 42. Kg2 Nc3 43. a4 Rc6 44. g5 Nd5 45. Bd2 e5 46. Ne4 Rxc4 47.
bxc4 Nf4+ 48. Kf3 b3 49. Bxa5 Ne6+ 0-1

[Event "BL 1819 USV TU Dresden - SV Hockenheim"]
[Site "?"]
[Date "2019.03.10"]
[Round "13.3"]
[White "Ponomariov, Ruslan"]
[Black "Gajewski, Grzegorz"]
[Result "1/2-1/2"]
[WhiteElo "2667"]
[BlackElo "2612"]
[PlyCount "181"]
[EventDate "2019.??.??"]

1. d4 Nf6 2. c4 e6 3. Nf3 d5 4. g3 Bb4+ 5. Bd2 Be7 6. Bg2 O-O 7. O-O Nbd7 8.
Qc2 c6 9. Bf4 b6 10. cxd5 cxd5 11. Rc1 Bb7 12. Bc7 Qe8 13. Qb3 Ne4 14. Na3 Rc8
15. Nb5 Ndc5 16. dxc5 bxc5 17. Be5 c4 18. Qa4 f6 19. Bd4 a6 20. Nc3 Nxc3 21.
Qxe8 Nxe2+ 22. Kf1 Rfxe8 23. Kxe2 e5 24. Bb6 d4 25. Ba5 Bd5 26. Kf1 Bf8 27. Ne1
Bf7 28. Rc2 e4 29. Rd2 d3 30. Bc3 f5 31. h4 g6 32. Bh3 e3 33. fxe3 Rxe3 34. Bg2
Rxg3 35. Nf3 Bd5 36. Ng5 Bxg2+ 37. Rxg2 Rxg2 38. Kxg2 Re8 39. Kf1 h6 40. Nf3
Re3 41. Ne5 Bc5 42. Kg2 Re2+ 43. Kh1 g5 44. hxg5 hxg5 45. Nxc4 g4 46. Re1 f4
47. Ne5 d2 48. Bxd2 Rxd2 49. Nxg4 Rxb2 50. Re5 Bb6 51. Rg5+ Kf7 52. Rf5+ Ke7
53. Rxf4 Rxa2 54. Rf6 Bd4 55. Rc6 a5 56. Rc4 Bb6 57. Rc6 Bd4 58. Rc4 Rd2 59.
Ra4 Bc3 60. Ne5 Bxe5 61. Rxa5 Ke6 62. Kg1 Kf5 63. Ra4 Bf4 64. Kf1 Kg4 65. Ke1
Rh2 66. Ra3 Rd2 67. Rb3 Ra2 68. Kd1 Kf5 69. Rc3 Ke4 70. Rc2 Ra1+ 71. Ke2 Be3
72. Rc4+ Bd4 73. Rc2 Rh1 74. Kd2 Rh3 75. Ke2 Bc3 76. Kd1 Kd3 77. Rd2+ Kc4 78.
Rg2 Re3 79. Re2 Rd3+ 80. Kc2 Bd4 81. Rd2 Ra3 82. Re2 Ra1 83. Kd2 Bc5 84. Re4+
Kd5 85. Re8 Bb4+ 86. Kd3 Rd1+ 87. Kc2 Rd2+ 88. Kb3 Bd6 89. Rc8 Rh2 90. Rc2 Rxc2
91. Kxc2 1/2-1/2

[Event "BL 1819 USV TU Dresden - SV Hockenheim"]
[Site "?"]
[Date "2019.03.10"]
[Round "13.4"]
[White "Boensch, Uwe"]
[Black "Moiseenko, Alexander"]
[Result "1/2-1/2"]
[WhiteElo "2534"]
[BlackElo "2648"]
[PlyCount "44"]
[EventDate "2019.??.??"]

1. d4 Nf6 2. c4 e6 3. Nf3 b6 4. g3 Ba6 5. b3 Bb7 6. Bg2 Bb4+ 7. Bd2 c5 8. O-O
O-O 9. Bxb4 cxb4 10. a3 Na6 11. axb4 Nxb4 12. Qd2 a5 13. Nc3 Ne4 14. Nxe4 Bxe4
15. Rfc1 f5 16. Ne1 Qf6 17. f3 Bb7 18. Nc2 Nxc2 19. Rxc2 d6 20. Rd1 e5 21. Qc3
f4 22. dxe5 dxe5 1/2-1/2

[Event "BL 1819 USV TU Dresden - SV Hockenheim"]
[Site "?"]
[Date "2019.03.10"]
[Round "13.5"]
[White "Braun, Arik"]
[Black "Maiwald, Jens-Uwe"]
[Result "1-0"]
[WhiteElo "2601"]
[BlackElo "2434"]
[PlyCount "93"]
[EventDate "2019.??.??"]

1. d4 d6 2. e4 Nf6 3. f3 g6 4. c4 Bg7 5. Nc3 O-O 6. Be3 Nbd7 7. Nh3 a6 8. Nf2
e5 9. d5 Nh5 10. Nd3 f5 11. Qd2 Ndf6 12. exf5 gxf5 13. O-O-O Bd7 14. Be2 b5 15.
cxb5 axb5 16. Nb4 Qe8 17. a3 Kh8 18. Rhe1 Rg8 19. Bf1 Rb8 20. Kb1 Qg6 21. Ka1
Bf8 22. Rc1 Ne8 23. Nca2 f4 24. Bg1 Nhg7 25. Bd3 Qf7 26. Nc3 Nf5 27. Bxf5 Qxf5
28. Ne4 Qg6 29. g4 fxg3 30. hxg3 Bh6 31. Be3 Bxe3 32. Qxe3 Rc8 33. Rh1 Bf5 34.
Rh6 Qg7 35. Rch1 Rd8 36. g4 Bg6 37. Ng5 Rd7 38. Ne6 Qf6 39. f4 exf4 40. Nxf4
Re7 41. Qd2 Rf7 42. Ne6 c5 43. Nd3 b4 44. g5 Qf3 45. Ndf4 Ra7 46. Nd4 Qe4 47.
Nc6 1-0

[Event "BL 1819 USV TU Dresden - SV Hockenheim"]
[Site "?"]
[Date "2019.03.10"]
[Round "13.6"]
[White "Hoffmann, Paul"]
[Black "Baramidze, David"]
[Result "1/2-1/2"]
[WhiteElo "2378"]
[BlackElo "2595"]
[PlyCount "74"]
[EventDate "2019.??.??"]

1. e4 e5 2. Nf3 Nc6 3. Bc4 Nf6 4. d3 h6 5. O-O d6 6. c3 g5 7. b4 Bg7 8. Qb3 O-O
9. Bb2 Ne7 10. Re1 Ng6 11. d4 Nh5 12. g3 Kh8 13. dxe5 g4 14. Nd4 Nxe5 15. Nd2
c5 16. bxc5 dxc5 17. Rad1 cxd4 18. cxd4 Nxc4 19. Nxc4 Nf6 20. Ba3 Nh7 21. Bxf8
Qxf8 22. h4 gxh3 23. f4 Bg4 24. e5 Bxd1 25. Rxd1 Rd8 26. Kh2 Qe7 27. d5 Nf8 28.
Na5 Qc5 29. Nxb7 Qf2+ 30. Kxh3 Rb8 31. d6 Qe2 32. d7 Nxd7 33. Rxd7 Qf1+ 34. Kh2
Qf2+ 35. Kh3 Qf1+ 36. Kh2 Qf2+ 37. Kh3 Qf1+ 1/2-1/2

[Event "BL 1819 USV TU Dresden - SV Hockenheim"]
[Site "?"]
[Date "2019.03.10"]
[Round "13.7"]
[White "Buhmann, Rainer"]
[Black "Loxine, Jakov"]
[Result "1-0"]
[WhiteElo "2568"]
[BlackElo "2399"]
[PlyCount "87"]
[EventDate "2019.??.??"]

1. e4 c5 2. Nf3 Nc6 3. d4 cxd4 4. Nxd4 e5 5. Nb5 d6 6. c4 Be6 7. N5c3 Nf6 8.
Bd3 g6 9. O-O Bg7 10. Nd5 Nd7 11. Nbc3 O-O 12. Be3 a6 13. Rc1 f5 14. exf5 gxf5
15. f4 e4 16. Be2 Rc8 17. Qd2 Kh8 18. Rfd1 Bf7 19. b4 Qe8 20. a3 Rg8 21. Na4
Qe6 22. g3 h5 23. Kh1 Kh7 24. Nab6 Nxb6 25. Bxb6 h4 26. gxh4 Ne7 27. Ne3 Rc6
28. Bd4 Qh6 29. Rg1 Bxd4 30. Qxd4 d5 31. cxd5 Rxc1 32. Rxc1 Qxf4 33. Rf1 Qd6
34. Bg4 Bg6 35. h5 fxg4 36. hxg6+ Qxg6 37. Rf6 Qh5 38. Qxe4+ Kh8 39. Qd4 Kh7
40. Qe4+ Kh8 41. Rf4 Qh4 42. Rf7 Qe1+ 43. Kg2 Qe2+ 44. Rf2 1-0

[Event "BL 1819 USV TU Dresden - SV Hockenheim"]
[Site "?"]
[Date "2019.03.10"]
[Round "13.8"]
[White "Moehn, Hans"]
[Black "Wagner, Dennis"]
[Result "0-1"]
[WhiteElo "2375"]
[BlackElo "2580"]
[PlyCount "131"]
[EventDate "2019.??.??"]

1. Nf3 g6 2. g3 Bg7 3. d4 c5 4. c3 Qc7 5. Bg2 Nf6 6. O-O O-O 7. Re1 d5 8. Bf4
Qb6 9. Qb3 Nc6 10. Na3 h6 11. dxc5 Qxc5 12. Be3 Qa5 13. c4 dxc4 14. Nxc4 Qa6
15. Nce5 Be6 16. Qd3 Qxd3 17. Nxd3 Nd5 18. Bd2 Nb6 19. Nc5 Bd5 20. Bc3 Bxc3 21.
bxc3 Na5 22. Ne5 Rac8 23. Ned3 Bxg2 24. Kxg2 Nd5 25. Rac1 b6 26. Na4 Rc4 27.
Ndb2 Rc7 28. c4 Rfc8 29. Nc3 Nxc3 30. Rxc3 Nxc4 31. Nxc4 Rxc4 32. Ra3 R8c7 33.
Rd1 Rc2 34. Kf3 Kg7 35. Rdd3 f5 36. Ra4 Kf6 37. g4 R2c4 38. Rxc4 Rxc4 39. gxf5
gxf5 40. Ra3 a5 41. Rb3 Rb4 42. Rc3 e6 43. e3 a4 44. Rc8 Rb2 45. a3 Ke5 46. h4
Rb3 47. Rb8 h5 48. Rb7 Rb2 49. Rh7 Rb3 50. Rb7 b5 51. Rb6 Rb2 52. Ra6 Kd5 53.
Kg3 Rb3 54. Rb6 Kc5 55. Rxe6 Rxa3 56. Re5+ Kc4 57. Rxf5 b4 58. Rf8 Rd3 59. Ra8
a3 60. Kf4 Kb3 61. Ke4 Rd1 62. f4 a2 63. f5 a1=Q 64. Rxa1 Rxa1 65. f6 Rf1 66.
Kd4 0-1

[Event "BL 1819 SF Berlin - SC Viernheim"]
[Site "?"]
[Date "2019.03.10"]
[Round "13.1"]
[White "Kryvoruchko, Yuriy"]
[Black "Kraemer, Martin"]
[Result "1-0"]
[WhiteElo "2680"]
[BlackElo "2586"]
[PlyCount "143"]
[EventDate "2019.??.??"]

1. c4 e6 2. Nc3 d5 3. d4 Be7 4. cxd5 exd5 5. Bf4 c6 6. e3 Bf5 7. g4 Be6 8. Qb3
Qb6 9. f3 g5 10. Be5 f6 11. Bg3 h5 12. gxh5 Nd7 13. Bd3 Qxb3 14. axb3 f5 15.
Nge2 Rxh5 16. h4 Kf7 17. Kd2 gxh4 18. Nf4 Rh8 19. Nce2 Bg5 20. Ng2 Ne7 21. Bxh4
Bxh4 22. Nxh4 Nf6 23. Ng2 Rxh1 24. Rxh1 Rg8 25. Ngf4 Ng6 26. Ke1 Nxf4 27. Nxf4
a5 28. Kf2 Ke7 29. Rh6 Kf7 30. Ne2 Kg7 31. Rh1 Rf8 32. Rg1+ Kh6 33. Nf4 Bd7 34.
Bc2 b6 35. Nd3 Be6 36. Ne5 c5 37. Bd3 Kh7 38. Ng6 Rf7 39. Ne5 Rf8 40. Bb5 Rc8
41. Rg6 Rf8 42. Ke1 Kh8 43. Kd2 f4 44. exf4 Bf5 45. Rg5 Nh7 46. Rg1 cxd4 47.
Bd3 Bxd3 48. Kxd3 Rf6 49. Ng6+ Kg7 50. Ne7+ Kf7 51. Nxd5 Rc6 52. Re1 Nf6 53.
Re5 Nxd5 54. Rxd5 Ke6 55. Rb5 Rd6 56. b4 Kf6 57. Rh5 Kg6 58. Re5 axb4 59. Rg5+
Kf6 60. Rb5 b3 61. Rxb3 Kf5 62. Rb4 Rh6 63. Rxd4 Rh1 64. Rb4 Rf1 65. Ke2 Rb1
66. Rxb6 Kxf4 67. Rb4+ Ke5 68. f4+ Kf5 69. Kd2 Rf1 70. Rd4 Rf3 71. Kc2 Rh3 72.
b4 1-0

[Event "BL 1819 SF Berlin - SC Viernheim"]
[Site "?"]
[Date "2019.03.10"]
[Round "13.2"]
[White "Baldauf, Marco"]
[Black "Maze, Sebastien"]
[Result "1/2-1/2"]
[WhiteElo "2487"]
[BlackElo "2578"]
[PlyCount "65"]
[EventDate "2019.??.??"]

1. d4 Nf6 2. c4 g6 3. Nc3 Bg7 4. e4 d6 5. f3 c6 6. Be3 a6 7. c5 b5 8. cxb6 Qxb6
9. Qd2 Qa5 10. Bd3 Nbd7 11. Nge2 c5 12. O-O cxd4 13. Nxd4 Bb7 14. Rac1 O-O 15.
Rfd1 Rfc8 16. Be2 Ne5 17. b3 h5 18. Na4 Qxd2 19. Bxd2 Ned7 20. Nc2 d5 21. exd5
Nxd5 22. Nb4 Bd4+ 23. Kf1 N7f6 24. Nxd5 Nxd5 25. Rxc8+ Rxc8 26. Bc4 e6 27. Ke2
Be5 28. g3 h4 29. f4 Bf6 30. Rc1 Ne7 31. Bd3 Nf5 32. Rxc8+ Bxc8 33. Bxf5
1/2-1/2

[Event "BL 1819 SF Berlin - SC Viernheim"]
[Site "?"]
[Date "2019.03.10"]
[Round "13.3"]
[White "Fedorchuk, Sergey A"]
[Black "Jakubowski, Krzysztof"]
[Result "1-0"]
[WhiteElo "2609"]
[BlackElo "2515"]
[PlyCount "69"]
[EventDate "2019.??.??"]

1. e4 c5 2. Nf3 d6 3. d4 cxd4 4. Nxd4 Nf6 5. Nc3 a6 6. h3 e6 7. g4 b5 8. Bg2
Bb7 9. O-O Nfd7 10. Re1 Qc7 11. Bf4 Ne5 12. Bg3 g5 13. a4 bxa4 14. Nxa4 Nbd7
15. b3 h5 16. c4 hxg4 17. hxg4 Ng6 18. c5 Nxc5 19. Rc1 Qd8 20. b4 Nd7 21. b5
Nf4 22. Nc6 Qf6 23. e5 Qh6 24. Bxf4 gxf4 25. exd6 axb5 26. Nc5 Nxc5 27. Rxc5
Qh2+ 28. Kf1 Rd8 29. Qb3 Bxd6 30. Rxe6+ Kf8 31. Rf5 Rh7 32. Qxb5 Bxc6 33. Qxc6
Bb4 34. Qf3 Rh3 35. Bxh3 1-0

[Event "BL 1819 SF Berlin - SC Viernheim"]
[Site "?"]
[Date "2019.03.10"]
[Round "13.4"]
[White "Abel, Dennes"]
[Black "Kovalenko, Igor"]
[Result "0-1"]
[WhiteElo "2490"]
[BlackElo "2658"]
[PlyCount "256"]
[EventDate "2019.??.??"]

1. d4 Nf6 2. c4 e6 3. Nf3 d5 4. g3 Bb4+ 5. Bd2 Be7 6. Bg2 O-O 7. O-O Nbd7 8.
Qc2 c6 9. Rd1 b6 10. Bf4 Ba6 11. cxd5 cxd5 12. Nc3 b5 13. a3 Rc8 14. Ne1 Qb6
15. Bg5 b4 16. axb4 Bxb4 17. Bxf6 Nxf6 18. e3 Rc6 19. Nd3 Bxc3 20. bxc3 Bxd3
21. Rxd3 Rb8 22. Rdd1 Qc7 23. Ra3 h5 24. Rda1 Rb7 25. h4 g6 26. Bf3 Kg7 27. Kg2
Qb8 28. R1a2 Rbc7 29. Qc1 Rb6 30. Qc2 Kg8 31. Ra4 Rbc6 32. Qb2 Rb6 33. Qc2 Kg7
34. Ra5 Ne8 35. e4 dxe4 36. Bxe4 Nd6 37. Re5 Qc8 38. Qe2 Qd7 39. d5 exd5 40.
Rxd5 Qe6 41. Bf3 Qxe2 42. Rxe2 Nb5 43. Re1 Nxc3 44. Ra5 Rb5 45. Ra6 Rb1 46. Re3
Rb2 47. Rd3 Na2 48. Rd1 Nb4 49. Ra4 Rcc2 50. Kg1 Rc3 51. Be4 Rc7 52. Rda1 a6
53. Rd1 Na2 54. Ra3 Nc3 55. Re1 a5 56. Re3 Nxe4 57. Rxe4 Rc5 58. Rf3 Rb7 59.
Kg2 Rcb5 60. Ra4 Ra7 61. Rff4 Kf8 62. Rae4 Rb6 63. Ra4 Ke7 64. f3 Rb5 65. g4
Ke6 66. Ra3 Rd5 67. Kg3 Kd6 68. Rc4 Ra6 69. Rf4 Ra7 70. Rc4 Kd7 71. Rf4 Kc6 72.
Rc3+ Kd6 73. Ra3 Ke7 74. Re3+ Kf8 75. Ra3 Kg7 76. Rfa4 Kh6 77. Rf4 Rc5 78. Rd4
Kg7 79. Rda4 Rb5 80. Rf4 Rc7 81. Raa4 Rc3 82. Rad4 hxg4 83. Kxg4 Rc7 84. Ra4
Rc1 85. Kg3 Rd5 86. Ra3 Rc7 87. Rb3 Ra7 88. Ra3 Rb7 89. Rfa4 Rbb5 90. Re4 Kf8
91. Rc4 Rbc5 92. Re4 Re5 93. Rd4 Ke7 94. Rad3 Rc7 95. Ra3 Ra7 96. Rf4 Kd6 97.
Rd3+ Kc6 98. Rc3+ Rc5 99. Ra3 Rd7 100. Rfa4 Kb6 101. Rf4 Rdc7 102. Rfa4 Rf5
103. Rb3+ Rb5 104. Rba3 Rcc5 105. Rd4 Rd5 106. Re4 Re5 107. Rd4 Rbd5 108. Rda4
Re7 109. Rf4 Ra7 110. Re4 Rb5 111. Raa4 Rc5 112. Ra3 Rf5 113. Rb3+ Rb5 114. Ra3
Rb4 115. Re8 a4 116. Rb8+ Ka5 117. Re8 Rb3 118. Re5+ Kb4 119. Ra1 a3 120. h5
gxh5 121. Rxh5 Rb2 122. f4 a2 123. Rhh1 f5 124. Rhe1 Rg7+ 125. Kf3 Rbg2 126.
Ke3 Re7+ 127. Kd3 Rxe1 128. Rxe1 Rb2 0-1

[Event "BL 1819 SF Berlin - SC Viernheim"]
[Site "?"]
[Date "2019.03.10"]
[Round "13.5"]
[White "Libiszewski, Fabien"]
[Black "Blohberger, Felix"]
[Result "0-1"]
[WhiteElo "2496"]
[BlackElo "2459"]
[PlyCount "76"]
[EventDate "2019.??.??"]

1. e4 c5 2. Nc3 e6 3. Nf3 a6 4. d4 cxd4 5. Nxd4 d6 6. Be3 Nf6 7. Qe2 b5 8. f3
Bb7 9. g4 Nfd7 10. O-O-O Nc6 11. Nxc6 Bxc6 12. Bd4 Rc8 13. Kb1 b4 14. Nd5 Bb5
15. Qe1 Bxf1 16. Rxf1 exd5 17. exd5+ Be7 18. Bxg7 Rg8 19. Bd4 Kf8 20. Qxb4 Qc7
21. Rf2 Rg6 22. Re2 Qc4 23. Qe1 Bf6 24. c3 Qb5 25. Rc2 Bxd4 26. Rxd4 Ne5 27.
Qd1 Rc4 28. h4 Rf6 29. Qc1 Rxf3 30. Qh6+ Ke7 31. Rc1 Rf2 32. Rd2 Rxd2 33. Qxd2
Rxg4 34. Re1 Kd7 35. Qf2 Qxd5 36. Qa7+ Ke6 37. Qxa6 Kf6 38. Qe2 Rg2 0-1